| 000 | 00402nam a2200157Ia 4500 | ||
|---|---|---|---|
| 008 | 230312s9999||||xx |||||||||||||| ||und|| | ||
| 020 | _a81-272-1293-8 | ||
| 082 |
_a658.3 _bGUP-H |
||
| 100 | _aGupta;Shashi,K | ||
| 245 | 0 | _aHuman Resource Management | |
| 260 |
_bKalyani Publishers _aIndia _c2005 |
||
| 300 | _a46.22 | ||
| 546 | _aEng. | ||
| 650 |
_aManagement _vHuman Resource Management |
||
| 942 | _cBK | ||
| 999 |
_c9732 _d9732 |
||